00506nam a2200193 a 4500001001300000003000900013005001700022008004100039020002300080082001600103100002500119245004600144260003200190300000900222500003500231505001000266650001100276700002500287nice12345678IN_TiNIC20260116014201.0050804s2005 dela grp 000 0 eng  a8173917299 c35000a340.59bZAF aZafarul Islam, Islam aFatawa Literature of the Sultanate Period aDelhibKanishka Pub. c2005 a124p aincludes index and biblioraphy2 aindex aFatawa1 aZafarul Islam, Islam